00744nam a2200205 a 450000100100000000500170001000800410002702000150006804000130008308200150009610000460011124500820015726000730023930000270031250000320033950000310037104900090040295201120041199900150052300000521520200929151618.0090818s1998 sp a 001 spa d a8400077105 aDO-SdBNP axxxbC631e1 aSánchez Ron. José Manueld194991489410aJames Clerk Maxwell :bEscritos científicos /cJosé Manuel Sánchez Ron. aMadrid, :bconsejo Superior de Investigaciones Científicas,c1998. a161 p. :bil ;c23 cm. aIncluye datos biográficos aIncluye tabla de contenido aBNPD 001050718MOaGRbGRcCTd2009-08-18iLF1l0oxxx C631ep5215-10r2020-06-25w2020-06-25y1ZNo se presta c5016d5016